Normal view MARC view
  • Convention for the Protection of Human Rights and Fundamental Freedoms

Entry Uniform Title

Number of records used in: 1

001 - CONTROL NUMBER

  • control field: 94348

003 - CONTROL NUMBER IDENTIFIER

  • control field: NUST

005 - DATE AND TIME OF LATEST TRANSACTION

  • control field: 20220721122822.0

008 - FIXED-LENGTH DATA ELEMENTS

  • fixed length control field: 220721|| aca||aabn | a|a d

040 ## - CATALOGING SOURCE

  • Original cataloging agency: NUST
  • Transcribing agency: NUST

130 ## - HEADING--UNIFORM TITLE

  • Uniform title: Convention for the Protection of Human Rights and Fundamental Freedoms
  • Date of treaty signing: (1950 November 5)

670 ## - SOURCE DATA FOUND

  • Source citation: Work cat.: (NUST)0: Dembour, Marie-Bénédicte, 1961- 94346, Who believes in human rights? :, 2006.
© 2023 Central Library, National University of Sciences and Technology. All Rights Reserved.